Chemistry in context : (Record no. 12077)

000 -LEADER
fixed length control field 00562nam a2200193 a 4500
020 ## - INTERNATIONAL STANDARD BOOK NUMBER
ISBN 0697291588
040 ## - CATALOGING SOURCE
Transcribing agency DLC
082 00 - DEWEY DECIMAL CLASSIFICATION NUMBER
Classification number 540 BRO 1997 A032 Or.
245 00 - TITLE STATEMENT
Title Chemistry in context :
Remainder of title applying chemistry to society /
250 ## - EDITION STATEMENT
Edition statement 2nd ed.
260 ## - PUBLICATION, DISTRIBUTION, ETC. (IMPRINT)
Place of publication Dubuque, IA :
Name of publisher Wm. C. Brown,
Year of publication c1997.
300 ## - PHYSICAL DESCRIPTION
Number of Pages xviii, 502 p. :
Other physical details col. ill. ;
Dimensions 28 cm.
500 ## - GENERAL NOTE
General note "A project of the American Chemical Society."
650 #0 - SUBJECT ADDED ENTRY--TOPICAL TERM
Topical Term Biochemistry.
650 #0 - SUBJECT ADDED ENTRY--TOPICAL TERM
Topical Term Geochemistry.
700 1# - ADDED ENTRY--PERSONAL NAME
Personal name Schwartz, A. Truman
710 2# - ADDED ENTRY--CORPORATE NAME
Corporate name or jurisdiction name as entry element American Chemical Society.
942 ## - ADDED ENTRY ELEMENTS (KOHA)
Koha item type សៀវភៅភាសាអង់គ្លេស
952 ## - LOCATION AND ITEM INFORMATION (KOHA)
Withdrawn status [LOCAL, KOHA] 0
Holdings
Permanent Location Date acquired Koha item type Lost status Shelving location Barcode Current Location Full call number
Library Block A2017-08-09សៀវភៅភាសាអង់គ្លេស A032A16159Library Block A540 BRO 1997 A032 Or.
មជ្ឈមណ្ឌលឯការនៃសាកលវិទ្យាល័យភូមិន្ទកសិកម្មចំការដូង

Powered by Koha